|
|
|
|
| LEADER |
00708 a2200169 4500 |
| 020 |
|
|
|a 9789350563847
|
| 082 |
|
|
|a 020
|b Q33
|
| 100 |
|
|
|a Rakeshkumar Shantilal Prajapati
|9 18372
|
| 245 |
|
|
|a Foundations of library and information science/
|c Rakeshkumar Shantilal Prajapati
|
| 260 |
|
|
|a New Delhi:
|b Discovery Publishing House Pvt. Ltd.,
|c 2013.
|
| 300 |
|
|
|a 272p.
|
| 504 |
|
|
|a Includes bibliographical references and index.
|
| 650 |
|
|
|a Information science.
|9 18380
|
| 650 |
|
|
|a Library science.
|9 18381
|
| 942 |
|
|
|c BK
|
| 999 |
|
|
|c 63088
|d 63088
|
| 952 |
|
|
|0 0
|1 0
|4 0
|6 020_000000000000000_Q33
|7 0
|9 54923
|a MGUL
|b MGUL
|c GEN
|d 2014-02-26
|e Arunima Books Billno 200 26/02/2014
|g 875.00
|l 7
|m 1
|o 020 Q33
|p 51254
|r 2019-10-19
|s 2019-09-05
|y BK
|